1703 1176 1498 1486 1917 1393 1689 1806 1607 1760 1276 1310 1601 1139 1005 1508 1429 1478 1506 1557 1074 1608 1935 1538 1356 1712 1810 1160 1416 1350 1180 1128 1543 1537 1570 1471 1043 1407 1492 1520 1243 1480 1253 1463 1940 1089 1672 1730 1825 1263 1361 1039 1813 1383 1392 1152 1134 1687 1272 1056 1964 1331 1363 1850 1327 1583 1848 1092 1068 1966 1379 1095 1750 1901 1933 1233 1103 1532 1626 1655 1495 1642 1860 1002 1210 1388 1085 1103 1265 1857 1962 1094 1655 1531 1007 1234 1423 1845 1611 BCNSPRNW ULIB Ver.6.0+V

เปลี่ยนเป็นภาษาไทย

Change to English
 แสดงรายละเอียดบรรณานุกรม
  กลับหน้าหลัก

Brief Record : Get Marc (ISO 2709) : E-mail record : QR code < ปิดหน้าต่าง
LEADER : 00000nam 2200000uu 4500
001    13399120915
003     ULIB
008    121025s2555||||th 000 0 tha d
020    ^a9786161109325
050  4 ^aPE1128^bS411E
100 1  ^aSchwarz, Peter C.
245 10 ^aEnglish for nursing and health care students (Student s book) /^cPeter C.Schwarz
250    ^a1st ed.
260    ^aNonthaburi :^bBook Project Praboromarajchanok InstituteMinistry of Public Health,^c2555
300    ^a143 p. :^bill. ;^c21 cm.
650  0 ^aEnglish language^xconversation and phrase books (for medical personnel)
650  0 ^aCommunication in nursing
650  0 ^aCommunication in medicine
700 1  ^aซวอตซ์, ปีเตอร์ ซี.
710 2  ^aPraboromarajchanok Institute. ^bBook Project
945    ^p300^l0^i19531
945    ^p300^l0^i19532
945    ^p300^l0^i19533
945    ^p300^l0^i19534
945    ^p300^l0^i19535
995    ^a เกษร
999    ^aใช้งานได้ทุกระบบ
รายการนี้ยังไม่มีแท็ก
คุณยังไม่ได้ล็อกอิน คุณสามารถมีกิจกรรมร่วมกับเว็บไซต์ได้ แต่ต้องล็อกอินก่อน ::
  ล็อกอิน

รายการสื่อสารสนเทศ

ลำดับที่ ประเภท เลขเรียก/บาร์โค้ด สถานที่ สถานะ
1. วิทยาศาสตร์การแพทย์ และสุขภาพ
วิทยาศาสตร์การแพทย์ และสุขภาพ
PE1128 S411E  
  Barcode: 19531
ห้องสมุดวิทยาเขตสวรรค์ประชารักษ์
►หนังสือทั่วไป
บนชั้น
2. วิทยาศาสตร์การแพทย์ และสุขภาพ
วิทยาศาสตร์การแพทย์ และสุขภาพ
PE1128 S411E ฉ.2 
  Barcode: 19532
ห้องสมุดวิทยาเขตสวรรค์ประชารักษ์
►หนังสือทั่วไป
บนชั้น
3. วิทยาศาสตร์การแพทย์ และสุขภาพ
วิทยาศาสตร์การแพทย์ และสุขภาพ
PE1128 S411E ฉ.3 
  Barcode: 19533
ห้องสมุดวิทยาเขตสวรรค์ประชารักษ์
►หนังสือทั่วไป
บนชั้น
4. วิทยาศาสตร์การแพทย์ และสุขภาพ
วิทยาศาสตร์การแพทย์ และสุขภาพ
PE1128 S411E ฉ.4 
  Barcode: 19534
ห้องสมุดวิทยาเขตสวรรค์ประชารักษ์
►หนังสือทั่วไป
บนชั้น
5. วิทยาศาสตร์การแพทย์ และสุขภาพ
วิทยาศาสตร์การแพทย์ และสุขภาพ
PE1128 S411E ฉ.5 
  Barcode: 19535
ห้องสมุดวิทยาเขตสวรรค์ประชารักษ์
►หนังสือทั่วไป
บนชั้น

รายการใกล้เคียง
    ผู้แต่ง [Schwarz, Peter C.]

    หัวเรื่อง [Communication in nursing]
    หัวเรื่อง [Communication in medicine]

BibComment


ยังไม่เคยถูกคอมเมนท์

คอมเมนท์ทรัพยากรรายการนี้
  คอมเมนท์: English for nurs..


 Copyright 2026. Bcnsprnw @Library